Ľudia zdraželi

Rozhovor s majiteľmi agentúry Index Nosluš o trhu práce, o najímaní brigádnikov pre firmy, o zlozvykoch firiem, o založení personálnej agentúry, o pôsobení na českom a slovenskom trhu, o dovoze ľudí zo zahraničia, o plánoch na ďalší rast.

Gespeichert in:
Bibliographische Detailangaben
1. Verfasser: Hinšt, Jaroslav
Weitere Verfasser: Matijek, Peter, Čvapek, Róbert, Kocsis, István
Format: Buchkapitel
Sprache:Slowakisch
Schlagworte:
Tags: Tag hinzufügen
Keine Tags, Fügen Sie das erste Tag hinzu!

MARC

LEADER 00000naa a2200000 4500
001 0223648
005 20231013092033.0
041 0 |a slo 
044 |a SK 
245 1 0 |a Ľudia zdraželi  |c Jaroslav Hinšt, Peter Matijek, Róbert Čvapek, István Kocsis 
520 |a Rozhovor s majiteľmi agentúry Index Nosluš o trhu práce, o najímaní brigádnikov pre firmy, o zlozvykoch firiem, o založení personálnej agentúry, o pôsobení na českom a slovenskom trhu, o dovoze ľudí zo zahraničia, o plánoch na ďalší rast. 
610 2 0 |a agentúry personálne 
610 2 0 |a trh práce 
610 2 0 |a zamestnanosť 
610 2 0 |a zamestnávanie cudzincov 
610 2 0 |a podnikanie 
610 2 0 |a podnikatelia 
610 2 0 |a Slovensko 
610 2 0 |a Česko 
100 1 |a Hinšt, Jaroslav 
700 1 |a Matijek, Peter 
700 1 |a Čvapek, Róbert 
700 1 |a Kocsis, István